[Event "AUT-ch Open 2020"]
[Site "Graz"]
[Date "2020.02.18"]
[Round "5.11"]
[White "Santiago, Yago De Moura"]
[Black "Manush Shah"]
[Result "1/2-1/2"]
[WhiteElo "2488"]
[BlackElo "2322"]
[Annotator "TA"]
[PlyCount "60"]
[EventDate "2020.02.14"]
[EventType "swiss"]
[EventCountry "AUT"]
[SourceTitle "playchess.com"]
[Source "ChessBase"]
[SourceQuality "1"]

{[%evp 9,60,31,32,31,39,31,34,3,73,75,67,65,61,77,101,111,113,106,103,104,118,80,81,73,77,81,91,77,89,91,92,12,36,18,20,14,23,7,0,0,0,0,0,0,0,0,0,0,0,0,0,0,0]} 1. c4 c6 2. d4 d5 3. Nf3 Nf6 4. e3 Bf5 5. Nc3 a6 6. Be2 {D15: Slav Defence: 4 Nc3 a6 and gambit lines after 4 Nc3 dxc4.} b5 {[#]} 7. Nh4 $146 ({Predecessor:} 7. b3 Nbd7 8. O-O h6 9. Ne5 Qc7 10. Bb2 e6 11. Rc1 Qb7 12. cxd5 cxd5 13. Bd3 Bxd3 14. Nxd3 {1-0 (23) Esipenko,A (2642)-Zarubitski,V (2451) Moscow 2019}) 7... Bc8 8. b3 {White is slightly better.} (8. c5 {is more complex.} e5 9. dxe5 Ne4 10. Nf3 Nxc5 11. O-O) 8... Ne4 (8... e5 $11 {remains equal.} 9. Nf3 (9. cxb5 $2 Bb4 $19) 9... Bb4) 9. Nxe4 $16 dxe4 10. g3 $1 g5 11. Ng2 Bh3 12. O-O Qd7 13. f3 exf3 14. Bxf3 Bg7 15. a4 {Strongly threatening axb5.} bxc4 16. bxc4 O-O 17. Rb1 a5 18. Ba3 Na6 19. Rb6 Rfc8 20. Qd2 (20. Qb3 $16) 20... Nb4 $1 $11 21. Bxb4 axb4 22. Qxb4 c5 23. Qb5 Rxa4 {The position is equal.} 24. Rc6 Ra2 25. Rxc5 Rxc5 26. Qxc5 Bf6 27. Qc6 Qa7 28. c5 {[#] aiming for Qe8+.} ({Much weaker is} 28. Qe8+ Kg7 $17) 28... Kg7 29. Rf2 Ra1+ 30. Rf1 Ra2 {Accuracy: White = 85%, Black = 91%.} 1/2-1/2

[Event "AUT-ch Open 2020"]
[Site "Graz"]
[Date "2020.02.18"]
[Round "5.11"]
[White "Bin-Suhayl, Ieysaa"]
[Black "Soham Das"]
[Result "0-1"]
[WhiteElo "2174"]
[BlackElo "2336"]
[Annotator "TA"]
[PlyCount "76"]
[EventDate "2020.02.14"]
[EventType "swiss"]
[EventCountry "AUT"]
[SourceTitle "playchess.com"]
[Source "ChessBase"]
[SourceQuality "1"]

{[%evp 16,76,37,33,38,32,60,13,39,45,42,34,94,87,83,97,85,90,112,55,118,66,89,104,169,168,237,202,143,112,122,104,91,31,22,18,16,24,46,-25,-28,-29,-18,-15,-34,-45,-38,-38,-36,-54,0,0,13,0,35,-50,-53,-1160,-1119,-1149,-1026,-29983,-12833]} 1. Nf3 f5 2. c4 Nf6 3. g3 g6 4. Bg2 Bg7 5. O-O O-O 6. d4 d6 7. Nc3 c6 8. b3 Qc7 9. Ba3 Ne4 $1 {[%mdl 4] [#] is now more promising than 9...a5. A88: Dutch Defence: Leningrad System: 5 Nf3 0-0 6 0-0 d6 7 Nc3 c6.} 10. Rc1 $146 ({Predecessor:} 10. Bb2 Nxc3 11. Bxc3 e5 12. dxe5 dxe5 13. e4 f4 14. c5 Bg4 15. b4 Nd7 16. Qb3+ Kh8 17. Rad1 {0-1 (31) Karjakin,S (2760)-Caruana,F (2811) Zuerich 2015}) 10... Na6 11. Qd3 Nxc3 {The position is equal.} 12. Qxc3 Re8 13. Rcd1 e5 (13... Nc5 $14) 14. dxe5 $16 dxe5 {[#]} 15. e4 $1 c5 16. Qd2 f4 17. gxf4 Bg4 (17... exf4 $14 18. e5 Bh6) 18. fxe5 (18. f5 $16) 18... Rf8 19. Qe3 Qa5 (19... Nb4 $16) 20. Bb2 $18 Nc7 (20... Rae8 {was worth a try.} 21. h3 Bxf3 22. Bxf3 Bxe5) 21. Bc3 Qxa2 22. Ra1 ({Resist} 22. Qxc5 $6 Qxb3 23. Qe3 (23. Qxc7 Qxc3 24. Qxb7 Rae8 $14) 23... Ne6 $14) 22... Qxb3 23. Rfb1 Qxc4 {[#]} 24. Rxb7 ({White should try} 24. Bf1 $1 $16 {[%cal Rf1c4]} Qf7 25. Ng5) 24... Nb5 $14 25. Bb2 Bxf3 26. Bxf3 Nd4 27. Bxd4 ({Better is} 27. Bd1 $14 Rab8 28. Raxa7 Rxb7 29. Rxb7) 27... cxd4 $11 28. Qa3 Rf7 29. Rxf7 Qxf7 30. Bd1 {Threatens to win with Bb3.} Kh8 $36 {[%mdl 2048] White is under pressure.} 31. Qb3 Qf4 {White must now prevent ...Rf8.} 32. Qg3 Qd2 (32... Bxe5 $15 33. Ra5 Re8 34. Qxf4 Bxf4 {[%mdl 64] Discovered Attack}) 33. e6 Qe1+ 34. Kg2 {aiming for e7.} Re8 35. f3 (35. Qg4 $14 Rf8 36. Ra2 (36. Qe2 $2 Qxe2 37. Bxe2 d3 $19)) 35... Qb4 $15 {Hoping for ...Qb2+.} 36. Rc1 $2 {[%mdl 8192]} (36. Qf2 $15) 36... Qd2+ $19 {[%mdl 64] Double Attack} 37. Kh3 Qxc1 38. e7 Qxd1 {Accuracy: White = 54%, Black = 67%.} 0-1

[Event "AUT-ch Open 2020"]
[Site "Graz"]
[Date "2020.02.18"]
[Round "5.12"]
[White "Baum, Jonasz"]
[Black "Diermair, Andreas"]
[Result "1-0"]
[WhiteElo "2483"]
[BlackElo "2483"]
[Annotator "TA"]
[PlyCount "49"]
[EventDate "2020.02.14"]
[EventType "swiss"]
[EventCountry "AUT"]
[SourceTitle "playchess.com"]
[Source "ChessBase"]
[SourceQuality "1"]

{[%evp 12,49,0,-18,18,12,28,33,42,38,43,28,39,13,8,8,102,100,111,114,121,123,122,114,127,127,193,190,1180,1175,1798,1785,1688,1702,1621,1656,29996,90,29997,29998]} 1. d4 Nf6 2. c4 e6 3. Nf3 b6 4. Bf4 Bb7 5. e3 Bb4+ 6. Nbd2 O-O 7. Bd3 {has lost popularity (7.Be2).} d5 {E12: Queen's Indian: Unusual White 4th moves, 4 a3, 4 Nc3 Bb7 5 a3 and 4 Nc3 Bb7 .} 8. O-O Nbd7 9. Rc1 Rc8 {[#] White is slightly better.} 10. cxd5 $146 ({Predecessor:} 10. Qa4 a5 11. cxd5 Nxd5 12. Bg3 N7f6 13. Nc4 Be7 14. a3 Nh5 15. Be5 c5 16. Rfd1 {1-0 (41) Arencibia Rodriguez,W (2527)-Bitelmajer,M (2243) Buenos Aires 2005}) 10... Nxd5 11. Bg3 Bd6 12. Bxd6 cxd6 13. Qa4 $36 {[%mdl 2048] White has some pressure.} a6 (13... a5 $11 {remains equal.}) 14. Rxc8 $16 Qxc8 15. Qa3 Qc6 16. Ne4 {[%cal Bd2e4,Be4d6,Bd6f7,Bf7h6][%mdl 32]} b5 17. Qxd6 (17. Nxd6 $2 b4 $17) 17... Rc8 18. Qg3 f5 (18... Rf8 $16 {is a better defense.} 19. Ne5 Nxe5 20. dxe5 f5) 19. Nd6 $18 f4 $2 {[#]} (19... Rf8 20. e4 N5f6) 20. Bxh7+ $1 {[%mdl 512]} Kxh7 21. Qh3+ {[%mdl 64] Double Attack} Kg8 22. Qxe6+ Kh8 23. Ng5 {White wants to mate with Qg6.} Nxe3 24. Ndf7+ Kg8 {[%csl Gb7,Ge3][%cal Rc6g2] [#]} 25. Nh6+ $1 {[%mdl 576] Discovered Attack (Double check). Accuracy: White = 94%, Black = 48%.} 1-0

[Event "AUT-ch Open 2020"]
[Site "Graz"]
[Date "2020.02.18"]
[Round "5.12"]
[White "Redzisz, Michal"]
[Black "Rathnakaran, K.."]
[Result "0-1"]
[WhiteElo "2115"]
[BlackElo "2334"]
[Annotator "TA"]
[PlyCount "82"]
[EventDate "2020.02.14"]
[EventType "swiss"]
[EventCountry "AUT"]
[SourceTitle "playchess.com"]
[Source "ChessBase"]
[SourceQuality "1"]

{[%evp 15,112,27,43,28,50,10,40,-12,-10,-14,-6,-24,-24,-32,-13,-47,-37,-80,-47,-63,-56,-158,-161,-179,-165,-173,-165,-177,-163,-192,-107,-102,-108,-173,-169,-208,-190,-218,-226,-329,-176,-377,-46,-62,-14,-34,-4,-39,-14,-55,-23,-66,-66,-50,-57,-60,-27,-151,-158,-217,-208,-815,-804,-998,-955,-994,-992,-936,-898,-864,-866,-808,-809,-1018,-922,-1012,-930,-901,-787,-993,-1009,-939,-996,-878,-825,-845,-758,-6079,-6195,-6079,-5816,-2715,-1914,-4690,-1350,-29975,-29977,-29973,-12841]} 1. d4 g6 2. c4 Bg7 3. Nf3 d6 4. g3 Nd7 5. Bg2 e5 6. O-O Ne7 7. Nc3 O-O 8. e3 h6 9. Qc2 {A41: 1 d4 d6: Tartakower System and Modern Defence.} f5 {[#]} 10. Rd1 $146 ({Predecessor:} 10. b3 g5 11. Ne2 Ng6 12. Bb2 Qf6 13. d5 Qf7 14. Nd2 Nf6 15. Rae1 e4 16. b4 Ne5 {0-1 (51) Schlangenotto,N (1661)-Holinka,H (1975) Verden 2015}) 10... g5 (10... e4 $5 {[%cal Re4f3]} 11. Nd2 Nf6 $11) 11. b3 ({White should try} 11. dxe5 $14 dxe5 12. b4) 11... e4 $11 12. Ne1 c6 13. Bb2 Nf6 14. Rac1 Qe8 15. b4 d5 16. cxd5 cxd5 17. f4 Be6 18. h3 (18. Bf1 $15) 18... gxf4 $17 19. gxf4 Kh8 $1 20. Kh2 Rg8 21. Qe2 a6 22. Nc2 Bf7 (22... Nh5 $19 23. Rd2 Bf6) 23. Rg1 Ng6 24. Ne1 (24. b5 $17 {might work better.}) 24... Bf8 $1 $19 25. a3 Bd6 $1 26. Qf2 Nh5 {[%cal Rg6f4] ...Ngxf4! is the strong threat.} 27. Bf1 {[#]} (27. Kh1 {is a better defense.}) 27... Qe7 (27... Ngxf4 $142 $1 {[%mdl 512] Threatens to win with ...Nd3+.} 28. exf4 Bxf4+ {[%mdl 64] Double Attack} 29. Kh1 Bg3) 28. Ng2 $2 {[#]} (28. Ne2 {is the only way for White.}) 28... Rad8 $2 ({Black should play} 28... Ngxf4 $1 $19 {[%mdl 512]} 29. Nxf4 (29. exf4 e3) 29... Nxf4 30. exf4 e3) 29. Be2 $15 Ng7 (29... Qg5 $5 30. h4 Qg3+ $1 {[%mdl 512]} 31. Qxg3 Nxg3 $15) 30. Na4 Kh7 31. Rc2 Be8 32. Nc5 (32. Nc3 $5 {[%cal Rc3d5]}) 32... Rb8 33. Rgc1 Bb5 34. a4 Bxe2 35. Qxe2 Ra8 36. Bc3 {[#]} (36. a5 $1 $11) 36... b6 $1 $17 37. Nxa6 {[#]} (37. Rd1 $17) 37... Ne6 $1 $19 {[%cal Bg7e6,Be6f4,Bf4e2][%mdl 32]} 38. Bd2 $2 (38. Qf1 Ngxf4 39. Nxf4 (39. exf4 $2 Rxa6 40. Qxa6 Qg5 $19) 39... Nxf4 40. exf4) 38... Nh4 {Strongly threatening ...Nf3+.} 39. Nxh4 Qxh4 40. Be1 {[#]} Nxf4 $1 {[%csl Gf4][%cal Rh4h3][%mdl 576] Double Attack} 41. Rc7+ {[#]} (41. exf4 Bxf4+) 41... Kg6 {Played: Kh7-h8} 0-1

[Event "AUT-ch Open 2020"]
[Site "Graz"]
[Date "2020.02.18"]
[Round "5.13"]
[White "Godzwon, Iwo"]
[Black "Kilgus, Georg"]
[Result "1/2-1/2"]
[WhiteElo "2321"]
[BlackElo "2450"]
[Annotator "TA"]
[PlyCount "43"]
[EventDate "2020.02.14"]
[EventType "swiss"]
[EventCountry "AUT"]
[SourceTitle "playchess.com"]
[Source "ChessBase"]
[SourceQuality "1"]

{[%evp 25,43,0,0,0,0,0,0,0,0,0,0,0,0,0,0,0,0,0,0,0]} 1. e4 c5 2. Nf3 e6 3. d4 cxd4 4. Nxd4 Nc6 5. Nc3 Qc7 6. Be2 Nf6 7. Be3 Be7 8. O-O O-O 9. f4 d6 10. Qe1 Nxd4 11. Bxd4 e5 12. fxe5 dxe5 13. Qg3 Bc5 {The position is equal.} 14. Bxc5 {B83: Sicilian Scheveningen: 6 Be2, lines without ...a6.} Qxc5+ 15. Kh1 {[#] Black must now prevent Rxf6.} Kh8 16. Rxf6 gxf6 17. Qh4 Rg8 $1 {[%cal Rg8g6]} 18. Qxf6+ Rg7 19. Qd8+ Rg8 20. Qf6+ Rg7 {[#]} 21. Qd8+ $146 ({Predecessor:} 21. Rd1 Be6 22. Rd8+ Rxd8 23. Qxd8+ Rg8 24. Qf6+ {½-½ (24) Zelcic,R (2508)-Stevic,H (2589) Zagreb 2018}) 21... Rg8 22. Qf6+ 1/2-1/2

[Event "AUT-ch Open 2020"]
[Site "Graz"]
[Date "2020.02.18"]
[Round "5.13"]
[White "Palczert, Matyas"]
[Black "Sandhoefner, Florian"]
[Result "1/2-1/2"]
[WhiteElo "2094"]
[BlackElo "2328"]
[Annotator "TA"]
[PlyCount "73"]
[EventDate "2020.02.14"]
[EventType "swiss"]
[EventCountry "AUT"]
[SourceTitle "playchess.com"]
[Source "ChessBase"]
[SourceQuality "1"]

{[%evp 10,73,26,18,20,6,8,-8,12,12,12,0,39,-8,20,-57,-50,-64,-9,-36,0,0,0,0,0,-7,45,-10,62,0,72,63,273,273,288,308,306,293,288,295,296,285,496,328,492,0,84,0,0,0,0,0,0,0,0,0,0,0,0,0,0,0,0,0,0,0]} 1. e4 c5 2. Nf3 d6 3. d4 cxd4 4. Nxd4 Nf6 5. Nc3 a6 6. Nb3 e6 {B90: Sicilian Najdorf: Unusual White 6th moves, 6 Be3 Ng4 and 6 Be3 e5.} 7. g4 b5 {[%cal Bb7b5,Bb5b4][%mdl 32]} 8. g5 Nfd7 9. Bg2 Bb7 10. h4 {[#]} Qc7 $146 ({Predecessor:} 10... Nc6 11. f4 Be7 12. Ne2 h6 13. Ned4 Nxd4 14. Qxd4 hxg5 15. hxg5 Rxh1+ 16. Bxh1 e5 {½-½ (27) Wei,Y (2724)-Vachier Lagrave,M (2777) Hamburg 2019}) 11. f4 Nc5 12. O-O (12. Be3 $11) 12... b4 $15 13. Ne2 Nxe4 ({Better is} 13... Bxe4 $15 14. Ng3 Bxg2 15. Kxg2 Qc6+ 16. Qf3 Nxb3 17. cxb3 h6) 14. Be3 $11 Nc5 15. Bxb7 Qxb7 16. Bxc5 dxc5 17. f5 $1 {[%cal Rf5e6]} e5 ({Black should try} 17... exf5 $11 18. Na5 (18. Rxf5 Be7 $11) 18... Qd7) 18. Ng3 (18. Na5 $1 $14 Qe4 19. Nf4 $1 {[%mdl 512]}) 18... Nc6 (18... c4 $11 19. Nd2 Nd7) 19. f6 (19. Nh5 $14) 19... c4 (19... g6 $11 {keeps the balance.}) 20. fxg7 Bxg7 $2 ({Black should play} 20... Qa7+ $14 21. Kh2 Bxg7) 21. Nc5 $18 Qe7 22. Nce4 (22. Qd5 O-O $16) 22... O-O 23. Nh5 Rfd8 24. Nhf6+ Bxf6 25. Nxf6+ Kf8 $2 (25... Qxf6 {might work better.} 26. Rxf6 Rxd1+ 27. Rxd1 Nd4) 26. Qh5 {[%cal Rh5h6]} Qe6 (26... Qc5+ {was called for.} 27. Rf2 (27. Kh1 Ke7 $16) 27... Ke7) 27. Qh6+ $2 ({Not} 27. Qxh7 Ke7 $18) (27. Nxh7+ $18 {and the rest is easy.} Ke7 28. Rf6) 27... Ke7 $16 {[#]} 28. Qxh7 (28. Rae1 $1 $16) 28... Rd2 $36 {[%mdl 2048] Hoping for ...Qh3.The position is equal. Black has the initiative.} 29. g6 {Black must now prevent gxf7.} Nd4 {[#]} 30. Nd5+ $1 {[%mdl 512] [#]} Kd6 $1 {[%mdl 512] ( -> ...Qg4+)} (30... Qxd5 31. Rxf7+) 31. Rf6 Qxf6 32. Nxf6 Nf3+ 33. Kf1 {Threatens to win with Ne4+.} Nh2+ 34. Ke1 Nf3+ 35. Kf1 Nh2+ 36. Ke1 Nf3+ 37. Kf1 {Accuracy: White = 67%, Black = 43%.} 1/2-1/2

[Event "AUT-ch Open 2020"]
[Site "Graz"]
[Date "2020.02.18"]
[Round "5.14"]
[White "Rieger, Robert"]
[Black "Bodrogi, Bendeguz"]
[Result "1/2-1/2"]
[WhiteElo "2320"]
[BlackElo "2032"]
[Annotator "ChessBase"]
[PlyCount "85"]
[EventDate "2020.02.14"]
[EventType "swiss"]
[EventCountry "AUT"]
[SourceTitle "playchess.com"]
[Source "ChessBase"]
[SourceQuality "1"]
[TimeControl "40/5400+30:1800+30"]

1. e4 {[%emt 0:00:22]} c5 {[%emt 0:00:00]} 2. Nf3 {[%emt 0:00:03]} Nc6 {[%emt 0:00:04]} 3. d4 {[%emt 0:00:04]} cxd4 {[%emt 0:00:06]} 4. Nxd4 {[%emt 0:00:02]} e5 {[%emt 0:00:12]} 5. Nb5 {[%emt 0:00:44]} d6 {[%emt 0:01:18]} 6. c4 {[%emt 0:00:16]} Be7 {[%emt 0:00:16]} 7. b3 {[%emt 0:00:06]} Nf6 {[%emt 0:03:05]} 8. Bd3 {[%emt 0:12:53]} O-O {[%emt 0:01:22]} 9. O-O {[%emt 0:04:28]} Nd7 {[%emt 0:04:27]} 10. N1c3 {[%emt 0:09:29]} a6 {[%emt 0:00:30]} 11. Na3 {[%emt 0:00:04]} Bg5 {[%emt 0:05:12]} 12. Bb2 {[%emt 0:00:44]} Nc5 {[%emt 0:02:34]} 13. Be2 {[%emt 0:02:14]} Be6 {[%emt 0:03:42]} 14. Nc2 {[%emt 0:00:37]} Qb6 {[%emt 0:13:42]} 15. Rb1 {[%emt 0:08:01]} f5 {[%emt 0:14:50]} 16. exf5 {[%emt 0:01:53]} Bxf5 {[%emt 0:01:03]} 17. Nd5 {[%emt 0:01:10]} Qd8 {[%emt 0:01:55]} 18. b4 {[%emt 0:07:24]} Bxc2 {[%emt 0:12:01]} 19. Qxc2 {[%emt 0:00:07]} Ne6 {[%emt 0:00:14]} 20. Bd3 {[%emt 0:05:19]} g6 {[%emt 0:01:22]} 21. Be4 {[%emt 0:03:36]} Ncd4 {[%emt 0:03:05]} 22. Qd3 {[%emt 0:05:54]} Rc8 {[%emt 0:03:26]} 23. Bxd4 {[%emt 0:01:16]} Nxd4 {[%emt 0:00:22]} 24. f4 {[%emt 0:00:14]} Bh6 {[%emt 0:05:10]} 25. fxe5 {[%emt 0:06:32]} dxe5 {[%emt 0:01:23]} 26. Rxf8+ {[%emt 0:02:50]} Bxf8 {[%emt 0:00:09]} 27. Rf1 {[%emt 0:00:12]} Bg7 {[%emt 0:00:21]} 28. c5 {[%emt 0:04:19]} Nc6 {[%emt 0:07:33]} 29. Qh3 {[%emt 0:01:51]} Rb8 {[%emt 0:01:14]} 30. a3 {[%emt 0:02:01]} Qc8 {[%emt 0:04:01]} 31. Qf3 {[%emt 0:04:05]} Qd7 {[%emt 0:04:03]} 32. Kh1 {[%emt 0:03:04]} Rd8 {[%emt 0:05:20]} 33. h3 {[%emt 0:02:25]} Kh8 {[%emt 0:00:11]} 34. Nb6 {[%emt 0:04:19]} Qe7 {[%emt 0:01:17]} 35. Qe2 {[%emt 0:04:52]} Nd4 {[%emt 0:01:17]} 36. Qe1 {[%emt 0:01:04]} a5 {[%emt 0:00:34]} 37. Nc4 {[%emt 0:00:42]} axb4 {[%emt 0:00:14]} 38. axb4 {[%emt 0:00:03]} Bf6 {[%emt 0:00:46]} 39. Qf2 {[%emt 0:02:34]} Kg7 {[%emt 0:00:16]} 40. Ra1 {[%emt 0:01:12]} Bh4 {[%emt 0:00:44]} 41. Qb2 {[%emt 0:07:19]} Rf8 {[%emt 0:01:36]} 42. Qc3 {[%emt 0:12:29]} Ne2 {[%emt 0:06:23]} 43. Qe3 {[%emt 0:12:37]} 1/2-1/2

[Event "AUT-ch Open 2020"]
[Site "Graz"]
[Date "2020.02.18"]
[Round "5.14"]
[White "Papakonstantinou, Dimitrios"]
[Black "Halvax, Georg"]
[Result "1/2-1/2"]
[WhiteElo "2275"]
[BlackElo "2428"]
[Annotator "RC"]
[PlyCount "82"]
[EventDate "2020.02.14"]
[EventType "swiss"]
[EventCountry "AUT"]
[SourceTitle "playchess.com"]
[Source "ChessBase"]
[SourceQuality "1"]
[TimeControl "40/5400+30:1800+30"]

1. e4 {[%emt 0:01:29]} c5 {[%emt 0:00:00]} 2. Nf3 {[%emt 0:00:16]} Nc6 {[%emt 0:00:24]} 3. d4 {[%emt 0:00:11]} cxd4 {[%emt 0:00:08]} 4. Nxd4 {[%emt 0:00:04]} Nf6 {[%emt 0:00:14]} 5. Nc3 {[%emt 0:00:21]} e5 {[%emt 0:00:23]} 6. Ndb5 {[%emt 0:00:13]} d6 {[%emt 0:00:10]} 7. Bg5 {[%emt 0:00:09]} a6 {[%emt 0:00:08]} 8. Na3 {[%emt 0:00:12]} b5 {[%emt 0:00:14]} 9. Bxf6 {[%emt 0:01:16]} gxf6 {[%emt 0:00:11]} 10. Nd5 {[%emt 0:00:04]} Bg7 {[%emt 0:00:19]} 11. Bd3 {[%emt 0:01:09]} Ne7 {[%emt 0:00:45]} 12. Nxe7 {[%emt 0:00:30]} Qxe7 {[%emt 0:00:08]} 13. c4 {[%emt 0:00:44]} f5 {[%emt 0:00:13]} 14. O-O {[%emt 0:01:01]} O-O {[%emt 0:00:10]} 15. Qh5 {[%emt 0:01:29]} d5 {[%emt 0:00:08]} 16. cxd5 {[%emt 0:06:27]} Qd8 {[%emt 0:00:19]} 17. exf5 {[%emt 0:24:21]} Qxd5 {[%emt 0:01:09]} 18. f6 {[%emt 0:00:44]} Qxd3 {[%emt 0:00:08]} 19. fxg7 {[%emt 0:00:06]} Re8 {[%emt 0:00:06]} 20. Rfe1 {[%emt 0:01:24]} Qg6 {[%emt 0:00:24]} 21. Rxe5 {[%emt 0:08:09]} Qxh5 {[%emt 0:01:27]} 22. Rxh5 {[%emt 0:00:02]} Re2 {[%emt 0:00:08]} 23. b3 {[%emt 0:00:21]} Be6 {[%emt 0:11:39]} 24. Kf1 {[%emt 0:08:36]} Rb2 {[%emt 0:01:48]} 25. Re5 {[%emt 0:08:02]} Rc8 {[%emt 0:14:41]} 26. Re2 {[%emt 0:03:51]} Rxe2 {[%emt 0:00:27]} 27. Kxe2 {[%emt 0:00:02]} b4 {[%emt 0:00:08]} 28. Nc4 {[%emt 0:00:25]} Bxc4+ {[%emt 0:00:07]} 29. bxc4 {[%emt 0:00:03]} Rxc4 {[%emt 0:00:09]} 30. Kd2 {[%emt 0:02:14]} a5 {[%emt 0:08:21]} 31. Rb1 {[%emt 0:05:23]} Kxg7 {[%emt 0:03:08]} 32. Rb3 {[%emt 0:00:19]} h5 {[%emt 0:03:57]} 33. Rf3 {[%emt 0:02:21]} Kg6 {[%emt 0:01:11]} 34. a3 {[%emt 0:05:56]} bxa3 {[%emt 0:01:00]} 35. Rxa3 {[%emt 0:00:02]} a4 {[%emt 0:00:30]} 36. Rd3 {[%emt 0:02:31]} f6 {[%emt 0:02:12]} 37. Rd7 {[%emt 0:03:31]} Rb4 {[%emt 0:03:53]} 38. Ra7 {[%emt 0:00:30]} Rb2+ {[%emt 0:03:03]} 39. Ke3 {[%emt 0:00:58]} Rb3+ {[%emt 0:00:09]} 40. Kf4 {[%emt 0:01:29]} a3 {[%emt 0:00:58]} 41. h4 {[%emt 0:33:11]} Rb4+ {[%emt 0:30:20] Ke4} 1/2-1/2

[Event "AUT-ch Open 2020"]
[Site "Graz"]
[Date "2020.02.18"]
[Round "5.15"]
[White "Kosakowski, Jakub"]
[Black "Milikow, Yoav"]
[Result "1-0"]
[WhiteElo "2413"]
[BlackElo "2296"]
[Annotator "TA"]
[PlyCount "87"]
[EventDate "2020.02.14"]
[EventType "swiss"]
[EventCountry "AUT"]
[SourceTitle "playchess.com"]
[Source "ChessBase"]
[SourceQuality "1"]

{[%evp 10,87,0,0,0,0,0,0,0,0,0,0,0,0,0,0,0,0,0,-29,0,-6,0,0,60,56,62,63,196,186,208,216,206,221,214,216,207,204,209,209,201,187,167,151,267,42,44,48,247,240,277,259,244,244,643,636,668,702,645,666,639,611,739,708,700,673,29976,29977,29980,29981,29982,29983,29983,29984,29984,29985,29986,29987,29989,29990]} 1. e4 e6 2. d4 d5 3. Bd3 dxe4 4. Bxe4 Nf6 5. Bf3 c5 6. Ne2 Nc6 {[%cal Rc5d4] C01: French: Exchange Variation.} 7. Be3 cxd4 8. Nxd4 Ne5 {The position is equal.} 9. Nc3 Be7 10. Qe2 O-O {is more profitable than 10...Nxf3+ at the moment.} 11. O-O-O {[#] aiming for Nxe6!} Bd7 {[#]} 12. Bf4 $146 ({Predecessor:} 12. Kb1 Rc8 13. Nb3 Nxf3 14. Qxf3 Qc7 15. Bf4 e5 16. Bxe5 Qxe5 17. Rhe1 Qxh2 18. Rxd7 Nxd7 19. Rxe7 {0-1 (49) Potapov,P (2516)-Baron,T (2532) St Petersburg 2018}) 12... Nxf3 13. Qxf3 Rc8 14. Be5 Qa5 15. Rhe1 $36 {[%mdl 2048] White is pushing.} Rxc3 16. Qxc3 Bb4 (16... Qxa2 $11 17. Qb3 Qa1+ 18. Kd2 Qa5+ 19. c3 b6) 17. Qg3 $14 Nh5 $1 {[%cal Rh5g3]} 18. Nb3 Nxg3 (18... Qa4 $14 19. Qg5 Bxe1) 19. Nxa5 $18 Bxe1 20. Bxg3 ({Not} 20. Rxd7 Nf5 $14) ({Don't take} 20. Rxe1 $6 b6 $16) 20... Bxa5 21. Rxd7 $14 {[%mdl 4096] Endgame KRB-KRB} f5 22. Rxb7 f4 23. Bh4 Bb6 24. f3 Rf5 25. Be1 Rg5 26. g4 Rd5 (26... h5 $16 {was necessary.}) 27. b4 $2 (27. c4 $18 Rd8 28. Bc3) 27... Be3+ 28. Kb2 {Threatens to win with c4.} Rd1 $2 (28... e5 $1 $14) 29. Bc3 $18 Rf1 30. Rxg7+ Kf8 31. Rxh7 Rxf3 $2 (31... Bc1+ 32. Kb3 Rxf3) 32. g5 Rf1 {intending ...Rg1.} 33. g6 Rg1 34. g7+ Kf7 35. Rh8 Rxg7 36. Bxg7 Kxg7 {KR-KB} 37. Rh3 e5 38. Rxe3 {White mates.} fxe3 {[#] KP-KP} 39. Kc1 $1 {[%cal Rc1d1]} Kg6 40. Kd1 Kg5 41. Ke2 Kf4 42. c4 e4 43. c5 a6 44. c6 {Accuracy: White = 86%, Black = 60%.} 1-0